| Tag |
First Indicator |
Second Indicator |
Subfields |
| LEADER |
00000cam a22000008a 4500 |
| 001 |
in00000071888 |
| 005 |
20151008062438.0 |
| 008 |
810311s1981 nju b 00110 eng |
| 010 |
|
|
|a 80070682
|
| 020 |
|
|
|a 0838630871
|
| 035 |
|
|
|a (OCoLC)07306338
|
| 035 |
|
|
|9 AAK0241AM
|
| 039 |
0 |
|
|a 2
|b 3
|c 3
|d 3
|e 3
|
| 040 |
|
|
|a DLC
|c DLC
|d TXA
|d UtOrBLW
|
| 049 |
|
|
|a TXAM
|c [1803872]
|
| 050 |
0 |
0 |
|a PR6013.R19
|b A6 1981
|
| 082 |
0 |
|
|a 828/.910209
|2 19
|
| 100 |
1 |
|
|a Cunninghame Graham, R. B.
|q (Robert Bontine),
|d 1852-1936.
|
| 240 |
1 |
0 |
|a Essays.
|k Selections
|
| 245 |
1 |
0 |
|a Selected writings of Cunninghame Graham /
|c edited by Cedric Watts.
|
| 263 |
|
|
|a 8110
|
| 264 |
|
1 |
|a Rutherford, N.J. :
|b Fairleigh Dickinson University Press ;
|a London :
|b Associated University Presses,
|c [1981]
|
| 264 |
|
4 |
|c ©1981
|
| 300 |
|
|
|a 212 pages ;
|c 22 cm.
|
| 336 |
|
|
|a text
|b txt
|2 rdacontent
|
| 337 |
|
|
|a unmediated
|b n
|2 rdamedia
|
| 338 |
|
|
|a volume
|b nc
|2 rdacarrier
|
| 500 |
|
|
|a Includes index.
|
| 504 |
|
|
|a Bibliography: pages 202-206.
|
| 700 |
1 |
|
|a Watts, Cedric,
|d 1937-
|
| 999 |
|
|
|a MARS
|
| 999 |
f |
f |
|s 7edb3353-d5fd-3b00-bebb-242f148c774e
|i 92fec5a1-50a4-33df-9596-ebc5c094e5d3
|t 0
|
| 952 |
f |
f |
|p ric
|a Texas A&M University
|b Rellis Campus
|c Joint Library Facility
|d Remote Storage
|t 0
|e PR6013.R19 A6 1981
|h Library of Congress classification
|i unmediated -- volume
|m A14806186487
|
| 998 |
f |
f |
|a PR6013.R19 A6 1981
|t 0
|l Remote Storage
|